<?xml version="1.0" encoding="UTF-8" ?>
<collection xmlns="http://www.loc.gov/MARC21/slim"><record><leader>01078nam a2200277   4500</leader><controlfield tag="001">230199</controlfield><controlfield tag="003">CH-000273-5</controlfield><controlfield tag="005">20250218153627.0</controlfield><datafield tag="020" ind1=" " ind2=" "><subfield code="a">978-0-300-26694-8</subfield><subfield code="q">Yale University Press</subfield></datafield><datafield tag="020" ind1=" " ind2=" "><subfield code="a">978-1-935998-55-6</subfield><subfield code="q">Clark Art Institute</subfield></datafield><datafield tag="035" ind1=" " ind2=" "><subfield code="a">(OCoLC)1372620908</subfield></datafield><datafield tag="040" ind1=" " ind2=" "><subfield code="a">CH-000273-5</subfield><subfield code="b">ger</subfield><subfield code="e">rda</subfield></datafield><datafield tag="041" ind1=" " ind2=" "><subfield code="a">eng</subfield></datafield><datafield tag="245" ind1="0" ind2="4"><subfield code="a">The expanded field of conservation</subfield><subfield code="c">edited by Caroline Fowler and Alexander Nagel</subfield></datafield><datafield tag="264" ind1=" " ind2="1"><subfield code="a">Williamstown, Massachusetts</subfield><subfield code="b">Clark Art Institute</subfield><subfield code="c">[2022]</subfield></datafield><datafield tag="300" ind1=" " ind2=" "><subfield code="a">231 Seiten</subfield><subfield code="b">Illustrationen</subfield><subfield code="c">25 cm</subfield></datafield><datafield tag="336" ind1=" " ind2=" "><subfield code="a">Text</subfield><subfield code="b">txt</subfield><subfield code="2">rdacontent</subfield></datafield><datafield tag="337" ind1=" " ind2=" "><subfield code="a">ohne Hilfsmittel zu benutzen</subfield><subfield code="b">n</subfield><subfield code="2">rdamedia</subfield></datafield><datafield tag="338" ind1=" " ind2=" "><subfield code="a">Band</subfield><subfield code="b">nc</subfield><subfield code="2">rdacarrier</subfield></datafield><datafield tag="490" ind1="0" ind2=" "><subfield code="a">Clark studies in the visual arts</subfield></datafield><datafield tag="650" ind1=" " ind2="7"><subfield code="a">Konservierung</subfield><subfield code="x">Kunstwerk</subfield><subfield code="2">gnd</subfield></datafield><datafield tag="655" ind1=" " ind2="7"><subfield code="a">Konferenzschrift</subfield><subfield code="z">Online</subfield><subfield code="y">2021</subfield><subfield code="2">gnd-content</subfield></datafield><datafield tag="700" ind1="1" ind2=" "><subfield code="a">Fowler, Caroline O.</subfield><subfield code="d">1981-</subfield><subfield code="e">Herausgeber</subfield><subfield code="4">edt</subfield></datafield><datafield tag="700" ind1="1" ind2=" "><subfield code="a">Nagel, Alexander</subfield><subfield code="d">1964-</subfield><subfield code="e">Herausgeber</subfield><subfield code="4">edt</subfield></datafield><datafield tag="711" ind1="2" ind2=" "><subfield code="a">Conservation and the Making of Art History</subfield><subfield code="g">Veranstaltung</subfield><subfield code="d">2021</subfield><subfield code="c">Online</subfield><subfield code="e">Mitwirkender</subfield><subfield code="4">ctb</subfield></datafield><datafield tag="852" ind1="4" ind2=" "><subfield code="a">CH-000273-5</subfield><subfield code="c">C 2025/0038</subfield></datafield></record></collection>